Momorias: 5 congreso nacional de la educación pre-escolar por el niño, para el hombre

El presente texto lleva a consideración estrategias que corresponden a objetivos como: la educación liberadora, humanizante y personalizada conduce a un mejor ser, esperanza del hombre del mañana con los niños de hoy.

সংরক্ষণ করুন:
গ্রন্থ-পঞ্জীর বিবরন
সংস্থা লেখক: Asociación Antioqueña de Educación Pre-escolar
বিন্যাস: গ্রন্থ
ভাষা:Spanish
প্রকাশিত: Medellin: Susaeta, 1989
বিষয়গুলি:
অনলাইন ব্যবহার করুন:Enlace del recurso
ট্যাগগুলো: ট্যাগ যুক্ত করুন
কোনো ট্যাগ নেই, প্রথমজন হিসাবে ট্যাগ করুন!

MARC

LEADER 00000nam a2200000 a 4500
001 000962
008 030428s1989 ck # fr# #000|0#spa#d
041 0 |a spa 
043 |a s-ck--- 
110 2 |a Asociación Antioqueña de Educación Pre-escolar 
245 1 0 |a Momorias:  |b 5 congreso nacional de la educación pre-escolar por el niño, para el hombre   |c Asociación Antioqueña de Educación Pre-escolar 
260 |a Medellin:  |b Susaeta,  |c 1989 
300 |a 336 p.:  |b il. 
500 |a Incluye conclusiones 
520 3 |a El presente texto lleva a consideración estrategias que corresponden a objetivos como: la educación liberadora, humanizante y personalizada conduce a un mejor ser, esperanza del hombre del mañana con los niños de hoy. 
650 1 4 |a EDUCACIÓN  |z COLOMBIA 
999 |c 3114  |d 3114 
856 |u https://catalogo.idep.edu.co/cgi-bin/koha/opac-detail.pl?biblionumber=3114  |z Enlace del recurso